| 000 | 00825nam a22002177a 4500 | ||
|---|---|---|---|
| 005 | 20250522140413.0 | ||
| 008 | 250522b |||||||| |||| 00| 0 eng d | ||
| 020 | _a81-7380-831-7 (hbk) | ||
| 037 | _cTB | ||
| 040 |
_aCRL _cCRL |
||
| 041 |
_2Pun _aPun |
||
| 084 |
_aQ8441xK66 153Q9 _qCRL |
||
| 245 | _aਗੁਰੂ ਗੋਬਿੰਦ ਸਿੰਘ ਜੀ ਦੇ ਸਫ਼ਰ | ||
| 260 |
_aਪਟਿਆਲਾ, ਭਾਰਤ: _bਪਬਲਿਸ਼ਰ ਬੀਊਰੋ, _c2019. |
||
| 300 | _a24 ਪ. | ||
| 365 |
_b 300.00 _cINR |
||
| 650 | _aਸਿੱਖ ਧਰਮ | ||
| 650 |
_aਗੁਰੂ ਗੋਬਿੰਦ ਸਿੰਘ _9810315 |
||
| 942 |
_2CC _cTB _hQ8441xK66 153Q9 _n0 |
||
| 999 |
_c1430899 _d1430899 |
||